Statistiken für Quizduell Fragen – Einfach

Klicken Sie hier um das Quiz zu spielen!

Allgemein

  • Dieses Quiz wurde 1.012 mal gespielt
  • Das Durchschnittsergebnis liegt bei 15 aus 19

Antwortstatistiken

KategorieFrageAntwort% Korrekt
Draußen im GrünenWie viele Beine hat eine Spinne?8
98%
Musik & HitsWelcher Ton kommt bei einer C-Dur-Tonleiter nach dem Ton D?E
98%
Macht & GeldWelchen Wert hat der höchste Euro-Schein?500€
96%
ComputerspieleWer rettete Prinzessin Peach vor Bowser?Mario
94%
Im LaborWas ist die dritte Wurzel aus 64?4
91%
Sport & FreizeitIn welchem Takt wird ein Langsamer Walzer getanzt?3/4-Takt
85%
ComicsAus welchem Land kommen die berühmten Asterix-Comics?Frankreich
85%
Bücher & WörterWie heißt Harry Potters Eule?Hedwig
85%
KinofilmeWer ist der Rivale von Batman im Film „The Dark Knight“?The Joker
85%
Glaube & ReligionWer verlor den Kampf gegen David?Goliath
84%
Körper & GeistWovor hat man Angst, wenn man klaustrophobisch ist?Enge Räume
81%
Kunst & KulturWelcher berühmte Komponist schrieb „Für Elise“?Ludwig van Beethoven
79%
Medien & UnterhaltungWie hoch ist bei Quizduell die Chance, per Zufall die richtige Antwort zu tippen?25%
78%
Wunder der TechnikWas für ein Bauprojekt wurde nach der ägyptischen Stadt Suez benannt?Kanal
70%
Die 2000erWas war der Auslöser für die Fukushima-Katastrophe 2011?Erdbeben
63%
Rund um die WeltWie heißt die Hauptstadt von Kuba?Havanna
58%
TV-SerienWer ersetzte Charlie Sheen in der Serie „Two and a Half Men“?Ashton Kutcher
53%
Zeugen der ZeitWen spielten Stan Laurel und Oliver Hardy?Dick und Doof
41%
Essen & TrinkenWas sind „Schattenmorellen“?Sauerkirschen
38%

Verteilung der Resultate

Perzentil nach korrekt beantworteten Fragen

Anzahl Personen mit jedem Resultat

Ihre Resultats-Entwicklung

Sie haben dieses Quiz noch nicht gespielt